Foundry technology (Record no. 63275)

MARC details
000 -LEADER
fixed length control field 00759nam a2200205 a 4500
008 - FIXED-LENGTH DATA ELEMENTS--GENERAL INFORMATION
fixed length control field 120416s2001 ||||||||||||||||| || u
020 ## - INTERNATIONAL STANDARD BOOK NUMBER
International Standard Book Number 0750645679
050 ## - LIBRARY OF CONGRESS CALL NUMBER
Classification number TS 230 Bee
100 ## - MAIN ENTRY--PERSONAL NAME
Personal name Beeley, Peter R
245 10 - TITLE STATEMENT
Title Foundry technology
250 ## - EDITION STATEMENT
Edition statement 2nd ed.
260 ## - PUBLICATION, DISTRIBUTION, ETC.
Place of publication, distribution, etc. Oxford
Name of publisher, distributor, etc. BUTTERWORTH HEINEMANN
Date of publication, distribution, etc. 2001
300 ## - PHYSICAL DESCRIPTION
Extent x, 719p. : ill.
350 ## -
-- 0.00
500 ## - GENERAL NOTE
General note Bibliography
650 #7 - SUBJECT ADDED ENTRY--TOPICAL TERM
Topical term or geographic name entry element TECHNOLOGY
Source of heading or term fast
650 ## - SUBJECT ADDED ENTRY--TOPICAL TERM
Topical term or geographic name entry element Founding
995 ## -
-- SHORT LOAN BOOKS
-- 0.00
-- 734674
-- CBU-MAIN LIBRARY (Kitwe)
-- 1
-- 40.00
-- TS 230 Bee
-- 1
-- AVAILABLE
-- 47839
-- Short Loan Collection
995 ## -
-- MAIN LIBRARY OPEN ACCESS
-- 0.00
-- 739120
-- CBU-MAIN LIBRARY (Kitwe)
-- 1
-- 0.00
-- TS 230 Bee
-- 2
-- AVAILABLE
-- Jan 29, 2009
-- 739120
-- Main Library Open Access Collection
999 ## -
-- 63275
-- 63275
Holdings
Withdrawn status Lost status Source of classification or shelving scheme Damaged status Not for loan Permanent Location Current Location Shelving location Date acquired Total Checkouts Full call number Barcode Date last seen Price effective from Koha item type
          CBU-MAIN LIBRARY, KITWE. CBU-MAIN LIBRARY, KITWE.   12/24/2022   TS 230 Bee 47839 12/24/2022 12/24/2022 MONOGRAPH
          CBU-MAIN LIBRARY, KITWE. CBU-MAIN LIBRARY, KITWE.   12/24/2022   TS 230 Bee 739120 12/24/2022 12/24/2022 MONOGRAPH